| 000 | 01309cam a2200385 i 4500 | ||
|---|---|---|---|
| 999 |
_c200448883 _d67095 |
||
| 001 | 200448883 | ||
| 003 | TR-AnTOB | ||
| 005 | 20230314101543.0 | ||
| 007 | ta | ||
| 008 | 920401t19921992dcu b i000 0 eng | ||
| 010 | _a 92012943 | ||
| 020 | _a1557752370 | ||
| 035 | _a(TR-AnTOB)200448883 | ||
| 040 |
_aDLC _beng _erda _cDLC _dDLC _dTR-AnTOB |
||
| 041 | 0 | _aeng | |
| 050 | 0 | 0 |
_aHF1359 _b.G85 1992 |
| 090 |
_aHF1359 _b.G85 1992 |
||
| 100 | 1 |
_aGuitián, Manuel _eauthor _9137103 |
|
| 245 | 1 | 0 |
_aRules and discretion in international economic policy / _cManuel Guitián. |
| 264 | 1 |
_aWashington, DC : _bInternational Monetary Fund, _c1992. |
|
| 264 | 4 | _c©1992 | |
| 300 |
_av, 52 pages ; _c28 cm |
||
| 336 |
_atext _btxt _2rdacontent |
||
| 337 |
_aunmediated _bn _2rdamedia |
||
| 338 |
_avolume _bnc _2rdacarrier |
||
| 490 | 0 |
_aOccasional paper / International Monetary Fund, _x0251-6365 ; _v97 |
|
| 500 | _a"June 1992." | ||
| 504 | _aBIB | ||
| 650 | 0 |
_aInternational economic relations _917913 |
|
| 710 | 2 |
_aInternational Monetary Fund _979373 |
|
| 856 | 4 | 1 |
_3IMF eLibrary (Open Access) _zOnline access link to the resource _uhttps://www.elibrary.imf.org/view/books/084/06027-9781557752376-en/06027-9781557752376-en-book.xml |
| 942 |
_2lcc _cBK |
||